Third parties take the strain off the cash flow in a dispute (Record no. 80565)
[ view plain ]
| 000 -LEADER | |
|---|---|
| fixed length control field | 00884cab a22001815a 4500 |
| 001 - CONTROL NUMBER | |
| control field | L144743 |
| 008 - FIXED-LENGTH DATA ELEMENTS--GENERAL INFORMATION | |
| fixed length control field | 080807e20080710xxkao f 000 0 eng d |
| 035 ## - SYSTEM CONTROL NUMBER | |
| System control number | (Sirsi) u144743 |
| 041 0# - LANGUAGE CODE | |
| Language code of text/sound track or separate title | eng |
| 100 1# - MAIN ENTRY--PERSONAL NAME | |
| Personal name | Young, Alastair |
| 245 00 - TITLE STATEMENT | |
| Title | Third parties take the strain off the cash flow in a dispute |
| 260 ## - PUBLICATION, DISTRIBUTION, ETC. | |
| Date of publication, distribution, etc. | 2008 |
| 490 ## - SERIES STATEMENT | |
| Series statement | Construction News |
| Volume/sequential designation | (7076) 10 July 2008, 28(1) |
| 520 ## - SUMMARY, ETC. | |
| Summary, etc. | Discusses third party dispute funding and states that while it can be a useful source of revenue during a period of financial pressure, there are negative aspects to consider (including high fees of 25-50% of recovered costs and the risk of being unsuccessful in your dispute and still having to pay a third party backer). |
| 651 #4 - SUBJECT ADDED ENTRY--GEOGRAPHIC NAME | |
| Geographic name | United Kingdom |
| Chronological subdivision | |
| 690 ## - LOCAL SUBJECT ADDED ENTRY--TOPICAL TERM (OCLC, RLIN) | |
| Topical term or geographic name as entry element | MANAGEMENT-DISPUTE AVOIDANCE, MANAGEMENT AND RESOLUTION-DISPUTE MANAGEMENT AND RESOLUTION-CASE MANAGEMENT |
| 942 ## - ADDED ENTRY ELEMENTS (KOHA) | |
| Suppress in OPAC | 0 |
| Withdrawn status | Lost status | Source of classification or shelving scheme | Damaged status | Not for loan | Home library | Current library | Shelving location | Date acquired | Total Checkouts | Full call number | Barcode | Date last seen | Copy number | Price effective from | Koha item type |
|---|---|---|---|---|---|---|---|---|---|---|---|---|---|---|---|
| Dewey Decimal Classification | London | London | Journal article | 07/08/2008 | L144743 | 144743-1001 | 06/08/2019 | 1 | 06/08/2019 | Journal article |